000 00866cab a2200253 4500
001 WB2819-29
008 090401t1992 xxu||||| |||| 00| 0 eng d
035 _a(Sirsi) u7194
041 _aeng
245 _aBritish estate agents in Spain
260 _c1992
350 _a0
490 _aFinancial Times
_v12 May 1992, 16(1)
520 _aThe European Court of Justice has ruled that European community countries must recognise the professional qualifications of estate agents from other member states if they are `equivalent` to those of their own profession.
650 _aEC DIRECTIVES
650 _aESTATE AGENTS
650 _aMUTUAL RECOGNITION
650 _aPROFESSIONAL QUALIFICATIONS
650 _aSPAIN
690 _aEUROPE-SINGLE MARKET
690 _aMANAGEMENT-BUSINESS MANAGEMENT-PROFESSIONAL PRACTICE
942 _n0
948 _c04/03/1997
999 _c4311
_d4311